000 00701nam a22001937a 4500
005 20140509182912.0
010 _aB-529800
020 _c699.00
_a9780143112723
035 _aB-529800
037 _bUBH
082 _a480
100 _aStrunk, William
245 _aThe elements of style :
_cby William Strunk and E.B. White; illustrated by Maira Kalman
_b(illustrated) /
260 _aNew Delhi
_bPenguin Books
300 _a151p
_c22cm(pb)
500 _aincludes Index
942 _2ddc
_cEN
_h480
_mSTR
999 _c84162
_d84162